An application science for multi-agent systems
Αποθηκεύτηκε σε:
| Άλλοι συγγραφείς: | |
|---|---|
| Μορφή: | Βιβλίο |
| Γλώσσα: | English |
| Δημοσίευση: |
Boston :
Kluwer Academic Publishers,
2004.
|
| Σειρά: | Multiagent systems, artificial societies, and simulated organizations
|
| Θέματα: | |
| Ετικέτες: |
Προσθήκη ετικέτας
Δεν υπάρχουν, Καταχωρήστε ετικέτα πρώτοι!
|
MARC
| LEADER | 00000cam a2200000 i 4500 | ||
|---|---|---|---|
| 001 | 1/50427 | ||
| 008 | 070803s2004 mau ||| | eng|| | ||
| 020 | |a 1402078676 | ||
| 035 | |l 10089453 | ||
| 040 | |a GR-MyUA |b gre |e AACR2 | ||
| 041 | 0 | |a eng | |
| 082 | 0 | |a 006.3 |2 (22) | |
| 245 | 1 | 3 | |a An application science for multi-agent systems / |c edited by Thomas A. Wagner. |
| 260 | |a Boston : |b Kluwer Academic Publishers, |c 2004. | ||
| 300 | |a vi, 251 σ. : |b εικ. ; |c 25 εκ. | ||
| 490 | 1 | |a (Multiagent systems, artificial societies, and simulated organizations) | |
| 504 | |a Περιλαμβάνει βιβλιογραφικές παραπομπές και ευρετήριο. | ||
| 650 | 0 | 0 | |a Intelligent agents (Computer software) |
| 700 | 1 | |a Wagner, Thomas A. |e edt | |
| 830 | 0 | |a Multiagent systems, artificial societies, and simulated organizations | |
| 852 | |a INST |b SAMOS |e 20070803 |h 006.3 APP |p 005300025570 |q 005300025570 |t BK |y 0 | ||
| 901 | |a BIBL3-2007-2 | ||
| 909 | |a Σ |b 137133 | ||
| 922 | |a 3ΕΛΗ |b 200707 |c ΕΠΕΑΕΚ2/ΤΜΠΕΣ |d Παπασωτηρίου | ||
| 970 | |a Σιτζίμη |b Γιασεμή |z 2007/08/03 | ||